000 00392nam a2200133Ia 4500
008 220217s9999||||xx |||||||||||||| ||und||
020 _a81-203-1756-6
082 _a005.43 ITP
100 _aIT Professional
_93643
245 0 _aMCSE training kit microsoft windows 2000 professional
260 _aPrentice hall of india
_bNew Delhi
_c2001
300 _b795
650 _aOperating systems
999 _c172332
_d172332